2810-大阪市北区(大阪府)の駅 - Statistics

General Stats
  • This quiz has been taken 20 times
  • The average score is 14 of 17
Answer Stats
Answer % Correct
大阪
100%
梅田
100%
天満
94%
大阪梅田
94%
天神橋筋六丁目
94%
東梅田
94%
西梅田
94%
北新地
88%
中津
88%
中之島
88%
扇町
88%
大阪天満宮
81%
中崎町
81%
南森町
81%
渡辺橋
63%
大江橋
56%
なにわ橋
50%
No matching quizzes found
Score Distribution
Percent of People with Each Score
Percentile by Number Answered
Your Score History
You have not taken this quiz